Score 0/30 Timer 10:00
2 Plays Today
Number Character % Correct
Aang
98.5%
Katara
90.9%
Zuko
88.8%
Appa
88.5%
Sokka
86.9%
Toph Bei Fong
86.4%
Momo
85.6%
Avatar Roku
83.5%
Princess Azula
81%
Iroh
80.3%
Jet
76.3%
Suki
74.9%
Mai
73.6%
Firelord Ozai
73.6%
Avatar Kyoshi
71.6%
Number Character % Correct
King Bumi
71.6%
Ty Lee
67.8%
Princess Yue
57.4%
Cabbage Merchant
56.7%
Kanna (Gran Gran)
56.3%
Admiral Zhao
54.3%
Monk Gyatso
47.9%
Master Pakku
43.9%
Haru
43.8%
Koh
41.5%
Hakoda
38.1%
June
36.9%
Avatar Yangchen
35.5%
Avatar Kuruk
31.5%
Hei Bai
30.4%

You're not logged in!

Compare scores with friends on all Sporcle quizzes.
OR
Log In

Sporcle TV

Today on Sporcle TV


Watch our educational content, quiz creation guides, and fun videos on Sporcle TV.

Show Comments

Extras

Top Quizzes Today


Score Distribution

Paid Content

Your Account Isn't Verified!

In order to create a playlist on Sporcle, you need to verify the email address you used during registration. Go to your Sporcle Settings to finish the process.

Report this User

Report this user for behavior that violates our Community Guidelines.

Details: